|
|
|
|
| LEADER |
00000cam a22000004a 4500 |
| 001 |
musev2_17992 |
| 003 |
MdBmJHUP |
| 005 |
20230905041935.0 |
| 006 |
m o d |
| 007 |
cr||||||||nn|n |
| 008 |
121216s2012 si o 00 0 eng d |
| 020 |
|
|
|a 9789814311649
|
| 020 |
|
|
|z 9789814311632
|
| 035 |
|
|
|a (OCoLC)822018722
|
| 040 |
|
|
|a MdBmJHUP
|c MdBmJHUP
|
| 100 |
1 |
|
|a Yamazawa, Ippei,
|d 1937-2018.
|
| 245 |
1 |
0 |
|a Asia-Pacific Economic Cooperation :
|b New Agenda in Its Third Decade /
|c Ippei Yamazawa.
|
| 264 |
|
1 |
|a Singapore :
|b Institute of Southeast Asian Studies,
|c 2012.
|
| 264 |
|
3 |
|a Baltimore, Md. :
|b Project MUSE,
|c 2013
|
| 264 |
|
4 |
|c ©2012.
|
| 300 |
|
|
|a 1 online resource (141 pages):
|b illustrations
|
| 336 |
|
|
|a text
|b txt
|2 rdacontent
|
| 337 |
|
|
|a computer
|b c
|2 rdamedia
|
| 338 |
|
|
|a online resource
|b cr
|2 rdacarrier
|
| 505 |
0 |
0 |
|t Frontmatter --
|t Contents --
|t Figures and Tables --
|t Preface /
|r Yamazawa, Ippei --
|t Abbreviations --
|t 1. Current State of APEC and the Challenges Ahead --
|t 2. Trade and Investment Liberalization and Facilitation --
|t 3. Organization and Activities of APEC --
|t 4. Has APEC Achieved the Mid-term Bogor Goals? --
|t 5. Realistic Approach over the Past Decade --
|t 6. Towards the Free Trade Area of the Asia-Pacific (FTAAP) --
|t 7. Paradigm Shift in Asia-Pacific Cooperation --
|t Appendix --
|t References --
|t Index
|
| 520 |
|
|
|a Ippei Yamazawa is one of the fathers to the study of Asia-Pacific regional cooperation in Japan and has contributed hugely to the development and work of APEC over many years. APEC is a crucial trans-regional arrangement that draws the United States into constructive economic engagement with East Asia. This book makes it clear why APEC remains such a crucial element of regional economic architecture and defines an agenda going forward to which regional leaders should aspire. Here is a first rate exposition of the priorities for regional cooperation in Asia and the Pacific. --Peter Drysdale, Professor Emeritus, Australian National University.
|
| 588 |
|
|
|a Description based on print version record.
|
| 610 |
2 |
7 |
|a Asia Pacific Economic Cooperation (Organization)
|2 fast
|0 (OCoLC)fst00693418
|
| 610 |
2 |
0 |
|a Asia Pacific Economic Cooperation (Organization)
|
| 651 |
|
7 |
|a Pacific Area.
|2 fast
|0 (OCoLC)fst01243504
|
| 651 |
|
7 |
|a Asia.
|2 fast
|0 (OCoLC)fst01240495
|
| 651 |
|
6 |
|a Pacifique, Region du
|x Integration economique.
|
| 651 |
|
6 |
|a Asie
|x Integration economique.
|
| 651 |
|
0 |
|a Pacific Area
|x Economic integration.
|
| 651 |
|
0 |
|a Asia
|x Economic integration.
|
| 650 |
|
7 |
|a Pacific Area cooperation.
|2 fast
|0 (OCoLC)fst01049946
|
| 650 |
|
7 |
|a International economic integration.
|2 fast
|0 (OCoLC)fst00976879
|
| 650 |
|
7 |
|a Asian cooperation.
|2 fast
|0 (OCoLC)fst00818681
|
| 650 |
|
6 |
|a Cooperation dans le Pacifique.
|
| 650 |
|
6 |
|a Cooperation asiatique.
|
| 650 |
|
0 |
|a Pacific Area cooperation.
|
| 650 |
|
0 |
|a Asian cooperation.
|
| 655 |
|
7 |
|a Electronic books.
|2 local
|
| 710 |
2 |
|
|a Project Muse.
|e distributor
|
| 830 |
|
0 |
|a Book collections on Project MUSE.
|
| 856 |
4 |
0 |
|z Texto completo
|u https://projectmuse.uam.elogim.com/book/17992/
|
| 945 |
|
|
|a Project MUSE - Custom Collection
|
| 945 |
|
|
|a Project MUSE - 2011 Complete Supplement
|
| 945 |
|
|
|a Project MUSE - 2011 Political Science and Policy Studies Supplement
|
| 945 |
|
|
|a Project MUSE - 2011 Asian and Pacific Studies
|